Países Eslavos - Statistics

Estatísticas Gerais
  • Esse quiz foi jogado 7 688 vezes
  • A pontuação média é 10 de 13
Estatísticas das Respostas
País % Correto
Eslováquia
89%
Eslovênia
89%
Sérvia
83%
Ucrânia
83%
Croácia
82%
Rússia
81%
Bielorrússia
78%
Bósnia e Herzegovina
75%
Bulgária
73%
República Tcheca
73%
Montenegro
72%
Macedônia do Norte
71%
Polônia
71%
Nenhum quiz correspondente encontrado
Distribuição das Pontuações
Porcentagem de Pessoas com Cada Pontuação
Percentil de Números Respondidos
Sua Pontuação Histórica
Você não jogou esse quiz